[Event "GER-chB Seniors 28th"]
[Site "Niederhausen"]
[Date "2016.08.15"]
[Round "3"]
[White "Lichtblau, Ernst"]
[Black "Weyand, Fernand"]
[Result "1/2-1/2"]
[WhiteElo "1771"]
[BlackElo "1848"]
[PlyCount "75"]
[EventDate "2016.08.13"]
[EventType "swiss"]
[EventRounds "9"]
[EventCountry "GER"]
[SourceTitle "EXT 2019"]
[Source "ChessBase"]
[SourceDate "2018.10.10"]
[SourceVersion "1"]
[SourceVersionDate "2018.10.10"]
[SourceQuality "1"]

1. Nf3 d5 2. b3 c5 3. Bb2 Nc6 4. e3 Bg4 5. Bb5 e6 6. Bxc6+ bxc6 7. h3 Bh5 8. d3 Nf6 9. Nbd2 Be7 10. 0-0 0-0 11. Qe1 Nd7 12. Ne5 Nxe5 13. Bxe5 Bf6 14. f4 Bxe5 15. fxe5 Qg5 16. d4 Bg6 17. c3 Bd3 18. Rf3 Qe7 19. e4 dxe4 20. Nxe4 Bxe4 21. Qxe4 cxd4 22. cxd4 Qd7 23. Rc1 Rac8 24. Rfc3 Rcd8 25. Rxc6 Qxd4+ 26. Qxd4 Rxd4 27. Rc8 Rd1+ 28. Rxd1 Rxc8 29. Rd7 Ra8 30. Kf2 Kf8 31. Ke3 a5 32. Rd4 Rb8 33. Ra4 Rb5 34. Ke4 Ke7 35. Rc4 Kd7 36. g3 f6 37. exf6 gxf6 38. Kf3 1/2-1/2

[Event "GER-chB Seniors 27th"]
[Site "Magdeburg"]
[Date "2015.08.17"]
[Round "3"]
[White "Baumast, Bernd"]
[Black "Lichtblau, Ernst"]
[Result "1-0"]
[WhiteElo "1541"]
[BlackElo "1769"]
[PlyCount "45"]
[EventDate "2015.08.15"]
[EventType "swiss"]
[EventRounds "9"]
[EventCountry "GER"]
[SourceTitle "EXT 2018"]
[Source "ChessBase"]
[SourceDate "2017.10.13"]
[SourceVersion "1"]
[SourceVersionDate "2017.10.13"]
[SourceQuality "1"]

1. b4 e5 2. Bb2 Bxb4 3. Bxe5 Nc6 4. Bxg7 Nf6 5. Bxh8 d5 6. c3 Ba5 7. e3 Bd7 8. Qf3 Ne4 9. Bd3 Qe7 10. Bxe4 dxe4 11. Qf6 Qc5 12. Ne2 Ne7 13. Qe5 Qb6 14. Bf6 Be6 15. Bxe7 Kxe7 16. Nd4 c5 17. Nxe6 fxe6 18. Qxe4 Rd8 19. Qxh7+ Kd6 20. Qc2 c4 21. a4 Qc5 22. Na3 Bc7 23. Nb5+ 1-0

[Event "GER-chB Seniors 26th"]
[Site "Bad Neuenahr"]
[Date "2014.08.06"]
[Round "2"]
[White "Westerweller, Heinz Josef"]
[Black "Lichtblau, Ernst"]
[Result "0-1"]
[WhiteElo "1222"]
[BlackElo "1756"]
[PlyCount "88"]
[EventDate "2014.08.05"]
[EventType "swiss"]
[EventRounds "9"]
[EventCountry "GER"]
[SourceTitle "EXT 2018"]
[Source "ChessBase"]
[SourceDate "2017.10.13"]
[SourceVersion "1"]
[SourceVersionDate "2017.10.13"]
[SourceQuality "1"]

1. d4 d5 2. e3 a6 3. b3 Bf5 4. Bb2 e6 5. Be2 Nf6 6. Nf3 Be7 7. 0-0 0-0 8. Ne5 Nbd7 9. Nd2 c5 10. c3 Nxe5 11. dxe5 Nd7 12. c4 Qc7 13. Nf3 Rad8 14. cxd5 exd5 15. Rc1 Be6 16. Bd3 f6 17. exf6 Bxf6 18. Qc2 h6 19. Bh7+ Kh8 20. Bxf6 Nxf6 21. Bg6 b6 22. a4 a5 23. Rfe1 Ng4 24. g3 Ne5 25. Nxe5 Qxe5 26. f4 Qd6 27. Rcd1 Bf7 28. Bd3 Qf6 29. e4 dxe4 30. Bxe4 Rd4 31. Rf1 Rfd8 32. Bd3 Qd6 33. Rd2 Rxd3 34. Rxd3 Qxd3 35. Qxd3 Rxd3 36. Re1 Bxb3 37. Re8+ Kh7 38. Rb8 Rd6 39. Rf8 Bxa4 40. f5 Rf6 41. Rb8 Rxf5 42. Rxb6 c4 43. Rb1 c3 44. Rc1 c2 0-1

[Event "GER-ch Seniors 23rd"]
[Site "Halle"]
[Date "2011.08.11"]
[Round "7"]
[White "Lichtblau, Ernst"]
[Black "Vogel, Gerhard"]
[Result "1-0"]
[WhiteElo "1824"]
[BlackElo "1712"]
[PlyCount "93"]
[EventDate "2011.08.05"]
[EventType "swiss"]
[EventRounds "9"]
[EventCountry "GER"]
[SourceTitle "CBM 144 Extra"]
[Source "ChessBase"]
[SourceDate "2011.10.28"]
[SourceVersion "1"]
[SourceVersionDate "2011.10.28"]
[SourceQuality "1"]

1. Nf3 c5 2. b3 Nf6 3. Bb2 Nc6 4. e3 d5 5. Bb5 a6 6. Bxc6+ bxc6 7. d3 Bg4 8. Nbd2 e6 9. h3 Bh5 10. 0-0 Be7 11. Qe1 0-0 12. Ne5 Qc7 13. f4 Nd7 14. Ndf3 Nxe5 15. Nxe5 f6 16. Nf3 Bd6 17. Qh4 Bg6 18. g4 h6 19. Qf2 a5 20. a4 Bh7 21. Qe2 e5 22. f5 d4 23. e4 Kh8 24. Rf2 Bg8 25. Raf1 Bh7 26. Bc1 Qf7 27. h4 Rfb8 28. Rh2 g6 29. Kh1 gxf5 30. gxf5 Qh5 31. Qe1 Rg8 32. Qd2 Bf8 33. Qe1 Ra7 34. Bd2 Rag7 35. Bxa5 Be7 36. Bd2 Rg3 37. Qf2 Qg4 38. Bxh6 Bxf5 39. exf5 e4 40. Ng5 Bd6 41. Rg1 Rxg1+ 42. Qxg1 Qxg1+ 43. Kxg1 Bxh2+ 44. Kxh2 fxg5 45. dxe4 gxh4 46. f6 Re8 47. f7 1-0

[Event "GER-ch Seniors 22nd"]
[Site "Berlin"]
[Date "2010.08.24"]
[Round "9"]
[White "Schurig, Wilhelm"]
[Black "Lichtblau, Ernst"]
[Result "0-1"]
[WhiteElo "1887"]
[BlackElo "1595"]
[PlyCount "84"]
[EventDate "2010.08.16"]
[EventType "swiss"]
[EventRounds "9"]
[EventCountry "GER"]
[SourceTitle "CBM 138 Extra"]
[Source "ChessBase"]
[SourceDate "2010.10.29"]
[SourceVersion "1"]
[SourceVersionDate "2010.10.29"]
[SourceQuality "1"]

1. Nf3 Nf6 2. g3 c5 3. Bg2 Nc6 4. 0-0 g6 5. d4 cxd4 6. Nxd4 Bg7 7. c4 0-0 8. Nc3 Nxd4 9. Qxd4 d6 10. Qd3 Rb8 11. e4 b6 12. Bf4 Nh5 13. Be3 Bb7 14. Bd4 e5 15. Be3 Nf6 16. Rad1 Ne8 17. b3 Qe7 18. Nb5 f5 19. f3 f4 20. Bf2 Rf6 21. gxf4 Rxf4 22. Bg3 Rf7 23. Nxd6 Rd8 24. Nf5 Qc5+ 25. Bf2 Rxd3 26. Bxc5 Rxd1 27. Rxd1 gxf5 28. Rd8 bxc5 29. Rxe8+ Bf8 30. Rxe5 fxe4 31. fxe4 Rf4 32. h3 Kf7 33. a3 Bg7 34. Rf5+ Rxf5 35. exf5 Bxg2 36. Kxg2 Kf6 37. Kf3 Kxf5 38. b4 cxb4 39. axb4 Bc3 40. b5 Bb4 41. Ke3 Ke5 42. h4 h5 0-1

[Event "GER-ch Seniors 22nd"]
[Site "Berlin"]
[Date "2010.08.23"]
[Round "8"]
[White "Lichtblau, Ernst"]
[Black "Toth, Hans Juergen"]
[Result "1-0"]
[WhiteElo "1595"]
[BlackElo "1451"]
[PlyCount "101"]
[EventDate "2010.08.16"]
[EventType "swiss"]
[EventRounds "9"]
[EventCountry "GER"]
[SourceTitle "CBM 138 Extra"]
[Source "ChessBase"]
[SourceDate "2010.10.29"]
[SourceVersion "1"]
[SourceVersionDate "2010.10.29"]
[SourceQuality "1"]

1. Nf3 f5 2. b3 Nf6 3. Bb2 e6 4. e3 d5 5. c4 c6 6. d3 Be7 7. Be2 0-0 8. Nbd2 Nbd7 9. 0-0 h6 10. Rc1 Nb6 11. Ne5 Qe8 12. c5 Nbd7 13. f4 Bxc5 14. d4 Bd6 15. Rf3 Bb4 16. Nf1 Ne4 17. a3 Be7 18. Bd3 Ndf6 19. Rh3 Nd7 20. Bxe4 Nxe5 21. Bxd5 exd5 22. dxe5 Be6 23. Qe1 Kh7 24. Rf3 g5 25. Rf2 g4 26. Rfc2 Rg8 27. b4 Rc8 28. Bd4 a6 29. Bc5 Bd8 30. Bd6 Be7 31. Bxe7 Qxe7 32. Ng3 Kg6 33. Ne2 Bd7 34. Qd2 Kf7 35. Nd4 Be6 36. Qd3 Kg6 37. Rc5 Rgf8 38. a4 Bd7 39. a5 Ra8 40. Qb1 h5 41. Qd3 h4 42. R5c2 Qxb4 43. Ra2 Qe7 44. Rb1 Rab8 45. Rb6 Rfc8 46. Rab2 Rc7 47. Rxa6 Be6 48. Qb1 Kf7 49. Rxc6 Rbc8 50. Rxc7 Qxc7 51. Rxb7 1-0

[Event "GER-ch Seniors 22nd"]
[Site "Berlin"]
[Date "2010.08.20"]
[Round "5"]
[White "Paris, Gerhard"]
[Black "Lichtblau, Ernst"]
[Result "1/2-1/2"]
[WhiteElo "1351"]
[BlackElo "1595"]
[PlyCount "102"]
[EventDate "2010.08.16"]
[EventType "swiss"]
[EventRounds "9"]
[EventCountry "GER"]
[SourceTitle "CBM 138 Extra"]
[Source "ChessBase"]
[SourceDate "2010.10.29"]
[SourceVersion "1"]
[SourceVersionDate "2010.10.29"]
[SourceQuality "1"]

1. e4 c6 2. d4 d5 3. e5 Bf5 4. Bd3 Bxd3 5. Qxd3 e6 6. Ne2 Nd7 7. 0-0 g6 8. Nd2 Bg7 9. Nf3 Ne7 10. Ng3 Qc7 11. Bg5 Nb6 12. b3 h6 13. Bd2 0-0-0 14. a4 Nd7 15. Bb4 c5 16. Bxc5 Nxc5 17. dxc5 Qxc5 18. Qb5 Qc7 19. Rfe1 Nc6 20. Qc5 d4 21. Rad1 Rd5 22. Qc4 Rhd8 23. c3 d3 24. Re3 Nxe5 25. Qxc7+ Kxc7 26. Nd4 Kb8 27. Kf1 Nc6 28. Rexd3 Bxd4 29. cxd4 Rxd4 30. Ke2 e5 31. f3 f5 32. h4 Rxd3 33. Rxd3 Rxd3 34. Kxd3 Ne7 35. Kc4 Kc7 36. b4 Kc6 37. a5 a6 38. Ne2 Nd5 39. Kb3 Nf4 40. Nxf4 exf4 41. Kc4 g5 42. h5 g4 43. Kc3 Kd5 44. Kd3 Kc6 45. Kc4 b5+ 46. axb6 Kxb6 47. Kc3 Kb5 48. Kb3 Kb6 49. Kc3 Kc6 50. Kc4 Kd6 51. Kd4 Kc6 1/2-1/2

[Event "GER-ch Seniors 22nd"]
[Site "Berlin"]
[Date "2010.08.17"]
[Round "2"]
[White "Lichtblau, Ernst"]
[Black "Sailer, Hans Peter"]
[Result "0-1"]
[WhiteElo "1595"]
[BlackElo "1798"]
[PlyCount "96"]
[EventDate "2010.08.16"]
[EventType "swiss"]
[EventRounds "9"]
[EventCountry "GER"]
[SourceTitle "CBM 138 Extra"]
[Source "ChessBase"]
[SourceDate "2010.10.29"]
[SourceVersion "1"]
[SourceVersionDate "2010.10.29"]
[SourceQuality "1"]

1. Nf3 Nf6 2. b3 d5 3. Bb2 e6 4. e3 Be7 5. d4 0-0 6. Nbd2 b6 7. Bd3 Bb7 8. 0-0 Na6 9. c3 c5 10. Qe2 Nc7 11. Ne5 Nd7 12. f4 f5 13. Rf3 Nf6 14. Rg3 Nce8 15. Ba6 Qc8 16. Bxb7 Qxb7 17. Rf1 Nd6 18. Rh3 Rac8 19. g4 g6 20. g5 Nfe4 21. Rc1 Nxd2 22. Qxd2 Ne4 23. Qe2 Bd6 24. Nd3 c4 25. Nf2 Nxf2 26. Kxf2 a5 27. Rg3 Rc6 28. Rgg1 Rfc8 29. Qd1 b5 30. a3 b4 31. a4 bxc3 32. Rxc3 Bb4 33. Rc1 cxb3 34. Rxc6 Qxc6 35. Kf3 Qxa4 36. Qd3 Rc2 37. Ra1 Qc6 38. Qxb3 Qc4 39. Qxc4 dxc4 40. Rb1 Rxh2 41. Kg3 Rc2 42. Ba1 Re2 43. Kf3 Re1 44. Rxe1 Bxe1 45. Ke2 Bb4 46. Kd1 Kf7 47. Kc2 Ke7 48. Bc3 Kd6 0-1

[Event "GER-ch Seniors 21st"]
[Site "Dresden"]
[Date "2009.08.09"]
[Round "8"]
[White "Flockerzi, Armin"]
[Black "Lichtblau, Ernst"]
[Result "1/2-1/2"]
[WhiteElo "1820"]
[BlackElo "1762"]
[PlyCount "107"]
[EventDate "2009.08.03"]
[EventType "swiss"]
[EventRounds "9"]
[EventCountry "GER"]
[SourceTitle "CBM 131 Extra"]
[Source "ChessBase"]
[SourceDate "2009.09.03"]
[SourceVersion "2"]
[SourceVersionDate "2009.09.16"]
[SourceQuality "1"]

1. Nf3 Nf6 2. d4 d5 3. e3 c6 4. b3 e6 5. Be2 Bd6 6. Nbd2 Qc7 7. h3 Nbd7 8. Bb2 c5 9. c4 b6 10. Rc1 Bb7 11. dxc5 bxc5 12. cxd5 exd5 13. Nd4 Qb6 14. Nf5 0-0 15. Nxd6 Qxd6 16. Bf3 Qa6 17. a3 Rfe8 18. Be2 Qe6 19. 0-0 Rac8 20. Re1 Qb6 21. Bf3 Ne5 22. Bxe5 Rxe5 23. Qc2 Nd7 24. e4 Qg6 25. Bg4 Re7 26. Bf5 Qh6 27. exd5 Rce8 28. Rxe7 Rxe7 29. Be4 Re8 30. Rd1 Nf6 31. Bf3 Bxd5 32. Qxc5 Bxf3 33. Nxf3 Qf4 34. Qxa7 h6 35. b4 Qc4 36. Qd4 Qb3 37. Qd3 Qa4 38. Nh2 Ra8 39. Ng4 Nxg4 40. hxg4 Qxa3 41. b5 Qxd3 42. Rxd3 Ra1+ 43. Kh2 Rb1 44. Rd5 Kf8 45. g5 hxg5 46. Rxg5 f6 47. Rd5 Ke7 48. g4 Ke6 49. Rc5 Kd6 50. Rh5 g6 51. Rh6 Ke5 52. Kg3 Ke6 53. Rh7 Rxb5 54. f3 1/2-1/2

[Event "Wuerttemberg-ch Seniors 08th"]
[Site "Ellwangen"]
[Date "1996.??.??"]
[Round "6"]
[White "Lichtblau, Ernst"]
[Black "Kahn, Manfred"]
[Result "0-1"]
[WhiteElo "1747"]
[BlackElo "2094"]
[PlyCount "86"]
[EventDate "1996.03.30"]
[EventType "swiss"]
[EventRounds "9"]
[EventCountry "GER"]
[SourceTitle "EXT 2006"]
[Source "ChessBase"]
[SourceDate "2005.11.24"]
[SourceVersion "1"]
[SourceVersionDate "2005.11.24"]
[SourceQuality "1"]

1. c4 e6 2. Nc3 d5 3. e3 Nf6 4. Nf3 c5 5. d4 a6 6. cxd5 exd5 7. Bd3 c4 8. Be2 b5 9. 0-0 Nbd7 10. a3 Bd6 11. Qc2 Bb7 12. Nh4 0-0 13. Nf5 Bc7 14. f4 g6 15. Nh6+ Kg7 16. Ng4 Nxg4 17. Bxg4 f5 18. Bf3 Nf6 19. Qe2 Qd7 20. Bd2 a5 21. Na2 Bc6 22. h3 h5 23. h4 Rfe8 24. g3 Ra7 25. Rfb1 Bd6 26. Qe1 Rea8 27. Kf2 Qe7 28. Rd1 Qb7 29. Rab1 Ne4+ 30. Bxe4 fxe4 31. Bc3 Bd7 32. Qd2 Bg4 33. Rf1 Qb6 34. Kg2 Rb7 35. Qe1 b4 36. Bd2 Qb5 37. Kh2 Qa4 38. Qc1 Qb3 39. Ra1 bxa3 40. bxa3 Bxa3 41. Qb1 Be2 42. Re1 Bd3 43. Qd1 Bb2 0-1

[Event "GER-ch Seniors 07th"]
[Site "Oldenburg"]
[Date "1995.??.??"]
[Round "1"]
[White "Degenhardt, Norbert"]
[Black "Lichtblau, Ernst"]
[Result "0-1"]
[WhiteElo "2091"]
[BlackElo "1747"]
[PlyCount "97"]
[EventDate "1995.08.24"]
[EventType "swiss"]
[EventRounds "9"]
[EventCountry "GER"]
[SourceTitle "EXT 2022"]
[Source "ChessBase"]
[SourceDate "2021.10.06"]
[SourceVersion "1"]
[SourceVersionDate "2021.10.06"]
[SourceQuality "1"]

1. e4 c6 2. d4 d5 3. Nd2 e6 4. Ngf3 Ne7 5. Bd3 Ng6 6. g3 c5 7. c3 Nc6 8. 0-0 cxd4 9. cxd4 Be7 10. e5 Nb4 11. Bb1 Bd7 12. a3 Nc6 13. b4 a6 14. Nb3 Na7 15. Bd3 Ba4 16. Bb2 Rc8 17. Nfd2 Bb5 18. Qe2 0-0 19. Rac1 Bxd3 20. Qxd3 Qb6 21. f4 Rxc1 22. Rxc1 Rc8 23. Nc5 Bxc5 24. dxc5 Qb5 25. Qxb5 Nxb5 26. a4 Na7 27. Nb3 Ne7 28. Ba3 Nec6 29. Kf2 f5 30. Rd1 Kf7 31. Nd4 h5 32. Nf3 g6 33. Rb1 Rd8 34. Ke3 Ke8 35. Kd3 Kd7 36. Bc1 Rc8 37. Be3 Rb8 38. b5 axb5 39. axb5 Ne7 40. c6+ Naxc6 41. bxc6+ Nxc6 42. Bb6 Ra8 43. Bc5 Na5 44. Nd4 Nc4 45. Rxb7+ Kc8 46. Ra7 Rb8 47. Nxe6 Rb2 48. Bd6 Rxh2 49. Rc7+ 0-1